| 000 | 00779nam a2200229Ia 4500 | ||
|---|---|---|---|
| 005 | 20230830113726.0 | ||
| 008 | 210716s1995 xx 000 0 und d | ||
| 020 | _a8170296463 | ||
| 040 | _cAIMIT LIBRARY | ||
| 041 | _aeng | ||
| 082 |
_a005.11FP _21 _bREBS |
||
| 100 |
_aReber, Susan L. _9131587 |
||
| 245 |
_aPc learning labs teaches visual foxpro 3.0 / _cBy Susan L Reber and Robert Nichols Kulik. |
||
| 250 | _a1st ed. | ||
| 260 |
_aNew Delhi : _bBPB Publications , _c1995. |
||
| 300 |
_axxviii,279p. ; _bPB _c23 cm. |
||
| 650 |
_aCreating and modifying a table _9131588 |
||
| 650 |
_aWorking with the browse window _9131589 |
||
| 650 |
_aDesigning and printing reports _9131590 |
||
| 700 |
_aKulik, Robert Nichols. _9131591 |
||
| 942 |
_2ddc _cBK _e1st ed. _k005.11 FP REBS |
||
| 999 |
_c183087 _d183087 |
||